| 000 | 02544cam0 2200529 ib4500 | ||
|---|---|---|---|
| 001 | BY-BR0000-br349963 | ||
| 010 |
^a5-7370-0253-5 ^bв переплете ^d5.04 р. |
||
| 100 | ^a20210208d1990 bc y0rusy50 ca | ||
| 101 | 0 | ^arus | |
| 102 | ^aRU | ||
| 105 | ^aa z 000zy | ||
| 109 | ^ama | ||
| 200 | 1 |
^aРассказы и сказки ^e[для дошкольного и младшего школьного возраста] ^fВиталий Бианки ^gрисунки Н. Чарушина |
|
| 210 |
^aМосква ^cХудожник РСФСР ^d1990 |
||
| 215 |
^a76, [3] с. ^cил. ^d27 см |
||
| 327 | 0 | ^aСодержание: Кто чем поет? ; Чьи это ноги? ; Первая охота ; Лесные разведчики ; Чей нос лучше? ; Красная горка ; Лесные домишки ; Где раки зимуют ; Лесные домишки | |
| 345 | ^9100 000 экз. | ||
| 464 | 0 |
^12001 ^aКто чем поет? |
|
| 464 | 0 |
^12001 ^aЧьи это ноги? |
|
| 464 | 0 |
^12001 ^aПервая охота |
|
| 464 | 0 |
^12001 ^aЛесные разведчики |
|
| 464 | 0 |
^12001 ^aЧей нос лучше? |
|
| 464 | 0 |
^12001 ^aКрасная горка |
|
| 464 | 0 |
^12001 ^aЛесные домишки |
|
| 464 | 0 |
^12001 ^aГде раки зимуют |
|
| 608 |
^aДЕТСКАЯ И ЮНОШЕСКАЯ ЛИТЕРАТУРА (художеств. произведение) ^3BY-NLB-ar9019 ^2BYGNR |
||
| 608 |
^aСКАЗКА ^3BY-NLB-ar30342 ^2BYGNR |
||
| 608 |
^aРАССКАЗ ^3BY-NLB-ar27475 ^2BYGNR |
||
| 686 |
^a84(2=411.2)6 мл. ^2rubbk |
||
| 690 |
^a1 ^2Base ^9BY-MI0001 ^xRSEK |
||
| 700 | 1 |
^aБианки ^bВ. В. ^gВиталий Валентинович ^cписатель ^f1894—1959 ^3BY-NLB-ar96230 |
|
| 702 | 1 |
^aЧарушин ^bЕ. И. ^gЕвгений Иванович ^cписатель ^cхудожник ^f1901—1965 ^3BY-NLB-ar2488248 ^4040 |
|
| 801 | 0 |
^aBY ^bBY-BR0000 ^c20210208 ^gRCR |
|
| 801 | 2 |
^aBY ^bBY-MI0001 ^c20251022 ^gRCR |
|
| 035 | ^a(BY-MI0001)BY-BR0000-br349963 | ||
| 899 | 0 |
^aBY-MI0001 ^iБ59 ^h84 |
|